logo

Bir Sreshtho Munshi Abdur Rouf Library
Jhenaidah Cadet College

Oxford history of English literature. (Record no. 9898)

MARC details
000 -LEADER
fixed length control field 00645cas a2200229 a 4500
001 - CONTROL NUMBER
JCCL Control Number 9898
003 - CONTROL NUMBER IDENTIFIER
JCCL marc code BD-JhCC
005 - DATE AND TIME OF LATEST TRANSACTION
control field 20180403103522.0
008 - FIXED-LENGTH DATA ELEMENTS--GENERAL INFORMATION
fixed length control field 841022c19459999enk x m 0 0eng d
035 ## - SYSTEM CONTROL NUMBER
system control number (BD-JhCC)9898
040 ## - CATALOGING SOURCE
Original cataloging agency QSL
Transcribing agency QSL
Modifying agency SFU
-- ANL
041 ## - LANGUAGE CODE
Language code of Book eng
082 04 - DEWEY DECIMAL CLASSIFICATION NUMBER
Classification number 820.9
245 00 - TITLE STATEMENT
Title Oxford history of English literature.
260 ## - PUBLICATION, DISTRIBUTION, ETC. (IMPRINT)
Place of publication, distribution, etc Oxford :
Name of publisher, distributor, etc Clarendon Press,
Date of publication, distribution, etc 1945-
300 ## - PHYSICAL DESCRIPTION
Pagination 293 p. :
Dimensions 23 cm.
500 ## - GENERAL NOTE
General note Each issue has also a distinctive title.
515 ## - NUMBERING PECULIARITIES NOTE
Numbering peculiarities note Not issued in numerical order.
650 #0 - SUBJECT ADDED ENTRY--TOPICAL TERM
Topical term or geographic name as entry element English literature
General subdivision History and criticism
-- Periodicals.
942 ## - ADDED ENTRY ELEMENTS (KOHA)
Source of classification or shelving scheme Dewey Decimal Classification
Koha item type Books
Holdings
Source of classification or shelving scheme Damaged status Not for loan Home library Current library Shelving location Date of accession Full call number Barcode Date last seen Copy number Method of acquisition Koha item type Currency
Dewey Decimal Classification     JCC Rouf Library JCC Rouf Library General Stacks 04/03/2018 WIL 820.9 1963 12205 04/03/2018 C-1 Purchase Books BDT

JCC Library | Contacts | JCC Home

Last Update on 23 September 2017
Copyright @ 2017-2020 JCC Rouf Library
Rouf Library, Jhenidah Cadet College (JCC), Bangladesh